000 01827nam2a22002531 4500
001 RU\NLR\INFOCOMM33\1000074434
005 20250617064920.0
035 _a(NLR Aleph) 002531775
090 _a2855568
_c2855568
100 _a20040424d1980 |||y0rusy50 ca
101 0 _arus
102 _aRU
105 _ay |||||||||
200 1 _aПолевые геотехнические методы и приборы для экспресс-определений физико-механических свойств и состояния грунтов
_fЮ.А. Юркштович
210 _d1980
_aБ. м.
461 0 _1001RU\NLR\INFOCOMM33\1000073313
_12001#$aМелиорация и водное хозяйство$eОбзор. информ.$iСерия "Информационное обеспечение целевой комплексной научно-технической программы и программ по решению научно-технических проблем"$fМ-во мелиорации и вод. хоз-ва СССР. ЦБНТИ (ЦБНТИ Минводхоза СССР)$v1980, №10
_92853879
_cМ.
_d1965-
_fМ-во мелиорации и вод. хоз-ва СССР. ЦБНТИ (ЦБНТИ Минводхоза СССР)
_iСерия "Информационное обеспечение целевой комплексной научно-технической программы и программ по решению научно-технических проблем"
_oОбзор. информ.
_tМелиорация и водное хозяйство
_x0233-6170
_v1980, №10
700 1 _aЮркштович
_bЮ.А.
_4070
801 1 _aRU
_bInfoComm
_c20040424
801 0 _aRU
_bNLR
_gPSBO
852 _aNLR
_jП10/3001
942 _cISSUE
980 _aNB
980 _aRUSPER